|
|
|
|
| LEADER |
00000nam a2200000 a 4500 |
| 001 |
UCY0778 |
| 003 |
CL-VaPUC |
| 008 |
940812e19930000SP |||||||||||||||||spa|d |
| 082 |
0 |
4 |
|a 658.406
|b FAU
|2 21
|
| 100 |
0 |
|
|a Fauvet, Jean-Christian
|e author
|9 328605
|
| 700 |
0 |
|
|a Buhler, Nicolas
|e author
|9 328606
|
| 245 |
1 |
3 |
|a La sociodinámica del cambio
|
| 300 |
|
|
|a 212 p
|
| 942 |
|
|
|c BK
|
| 945 |
|
|
|d 19940812 00:00:00
|a mfernand
|
| 260 |
|
|
|a Bilbao
|b Deusto
|c 1993
|
| 650 |
|
0 |
|a Cambio organizacional
|9 260741
|
| 583 |
|
|
|a last modification
|c 19940812 00:00:00
|k Rodrigo Vera
|
| 999 |
|
|
|c 229696
|d 229694
|
| 952 |
|
|
|0 0
|1 0
|4 0
|6 658_406000000000000_FAU_1993
|7 0
|8 A
|9 231153
|a BIBEDU
|b BIBEDU
|d 2019-11-15
|i 3006727
|o 658.406 FAU 1993
|p 3006727
|r 2019-11-15
|w 2019-11-15
|y BK
|k PSI
|